000 00528nam a2200157 a 4500
008 120416s1968 ||||||||||||||||| || u
050 _aHC 800 Rob
100 _aRobson, P
245 1 0 _aEconomic integration in Africa
260 _aLondon
_bAllen and Unwin
_c1968
300 _a320p.
350 _a0.00
650 0 _aECONOMICS
650 0 _aAFRICA--ECONOMIC INTEGRATION
995 _D0.00
_FCBU-MAIN LIBRARY (Kitwe)
_H1
_I0.00
_M1
_UAVAILABLE
_ZAnnex Low-Usage Collection
999 _c40857
_d40857